000 00231nam a22000857a 4500
008 221128b |||||||| |||| 00| 0 eng d
100 _aKibuishi Kazu
_97631
245 _aAmulet-3 (The Cloud Searchers)
260 _aIndia
_bScholastic
_c2022
999 _c12154
_d12154